000 00306nam a22001217a 4500
020 _aNA
082 _222
_a621.381521
100 _aNilsson James W. and R,edel Susan A.
245 _aIntroductory circuit /
260 _aPentice hall,
_bPentice hall,
_cc2002
300 _a102 p,;
_bNA
_c22cm.
942 _2ddc
_cEE
999 _c2516
_d2516